Marmoťáci na Broad Peaku

Bibliographic Details
Main Authors: Viskupová, Ivana (Author), Rigoci, Tomáš (Author)
Format: Article
Language:Slovak
Subjects:

MARC

LEADER 00000nab a2200000Ia 4500
001 vtls010857555
003 SK-MaSNL
005 20260303105903.0
008 230121|2010 xo |||||||||||||||||slo|
035 |a (urnnbn)urn:nbn:sk:snk:ar-a07nmx 
035 |a urn:nbn:sk:snk-ab6ge0 
035 |a (uuid)a5b32ff3-5fad-4a2e-b527-9e62a1e7d545 
040 |a SNKBUCL  |b slo  |c SNKBUCL  |e AACR2 
041 0 |a slo 
044 |a xo  |c SK 
080 |a 796.52  |2 2001 
080 |a (5-191.2) (místní určení)  |2 2001 
080 |a 911.2(23.0)  |2 2001 
100 1 |a Viskupová, Ivana  |4 aut  |9 26884 
245 1 0 |a Marmoťáci na Broad Peaku  |c Ivana Viskupová, Tomáš Rigoci 
648 7 |a 17.7.2010  |2 SNK  |9 1121449 
650 0 7 |a horolezectvo  |2 SNKPH  |9 1050 
650 0 7 |a hory  |2 SNKPH  |9 55651 
651 7 |a Karakoram (pohorie)  |2 SNKPH  |9 123815 
700 1 |a Rigoci, Tomáš  |4 aut  |9 1121450 
773 0 |t Horolezec : odborný, metodický a informačný časopis Slovenského horolezeckého spolku JAMES  |g Roč. 42, č. 5 (2010), s. 12-15 
954 |a odborná, vedecká literatúra pôvodná (slovenská)  |2 lita 
958 |a OND 
958 |a EUIPO 
958 |a article5 
999 |c 1866413  |d 1868343